| 000 | 00996nam a2200241 a 4500 | ||
|---|---|---|---|
| 001 | 48299 | ||
| 003 | BD-RjUL | ||
| 005 | 20211209054509.0 | ||
| 008 | 160813s1969 bg ||||| |||| 00| 0 ben d | ||
| 020 | _c: Tk. 10.00 | ||
| 035 | _a(BD-RjUL)48418 | ||
| 040 |
_aBD-RjUL _bben _cBD-RjUL |
||
| 041 | _aben | ||
| 082 |
_223 _a891.4409 _bSAB 1964 |
||
| 100 | 1 |
_aসাকলায়েন, গোলাম _9116893 |
|
| 245 | 1 | 0 |
_aবাংলার মর্সীয়া সাহিত্য : _bমধ্যযুগ হইতে আধুনিক যুগ পর্যন্ত / |
| 250 | _a১ম সং | ||
| 260 |
_aঢাকা : _bপাকিস্তান বুক করপোরেশন, _c১৯৬৪ |
||
| 300 |
_aবিভিন্ন রকম পৃ. ; _c২৩ সেমি. |
||
| 650 |
_aবাংলা সাহিত্য _vইতিহাস ও সমালোচনা _9117445 |
||
| 650 |
_aBengali literature _vHistory and criticism _9146231 |
||
| 942 |
_2ddc _cBK |
||
| 999 |
_c48299 _d48299 |
||